| 000 | 00626nam a2200193Ia 4500 | ||
|---|---|---|---|
| 008 | 140925s9999 xx 000 0 und d | ||
| 020 | _a2165-3755 | ||
| 100 | _aCrumbley, D. Larry. | ||
| 245 |
_aJournal of forensic & investigative accounting / _cD. Larry Crumbley. _h[electronic resource] |
||
| 260 |
_bLouisiana State University, _cc2011. |
||
| 516 | _aElectronic text | ||
| 650 | _aAccountancy. | ||
| 650 | _aForensic. | ||
| 650 | _aInvestigation. | ||
| 830 | _aLouisiana State University | ||
| 856 | _uhttp://www.bus.lsu.edu/accounting/faculty/lcrumbley/jfia/Articles.htm | ||
| 942 | _cEJ | ||
| 999 |
_c275797 _d275797 |
||